000 01172nam a22002297a 4500
003 BDDh-ASL
005 20231015031655.0
008 201110s2018 b ||||| |||| 00| 0 b d
040 _aBDDh-ASL
_cBDDh-ASL
_dBDDh-ASL
041 _abengali
082 _a297.4
_bAHB
100 1 _aআহমদ, ওয়াকিল
_9248
245 1 0 _aবাংলার সুফি পির-দরবেশ :
_bইতিহাস ও এতিহ্য /
246 _aBanglar Sufi Pir-Dorbesh.
260 _aঢাকা:
_bগতিধারা,
_c২০১৮।
300 _a২২৪ পৃষ্ঠা:
_c২২ সে.মি.।
600 1 0 _aভাসানী, মোঃ আবদুল হামিদ খান
_cমওলানা
_91953
650 0 _aHistory and Heritage (ইতিহাস ও ঐতিহ্য) , ইতিহাস, History, Etihas, Itihas O Oitijjo, Etihash O Aitijjaya , Aitijjha
_97488
650 0 _aইসলাম ধর্ম , Isalāma dharma, Islam, Religion, Mohammedism, Mohammadan, Mohammedan, Muhammadan, Islamic Relition, Peace
_9747
650 0 _aইসলাম ধর্ম
_xসূফীবাদ
_9849
942 _2ddc
_cBK
999 _c34333
_d34333